00720nam a2200169 a 450000100100000000500170001000800410002704000250006808200150009324500460010826001110015430000270026504900090029295201130030195201190041499900170053300003033620200930060237.0110510s2004 dr a 000 0 spa d aDO-SdBNPbspacBNPHU axxxxbE79i04aLos estatutos y la incorporación legal. aSanto Domingo :bCentro de Solidaridad para el Desarrollo de la Mujer:bVeterinarios sin Fronteras,c2004. a21 p. :bil. ;c28 cm. aBNPD 0010718PDaPDbPDcCTd2011-05-10iLF1l0oxxxx E79ip30336-10r2020-06-25w2020-06-25yLFPDZNo se presta 0010718PDaPDbPDcCTd2011-05-10iLF1l0oxxxx E79ip30336-20r2020-06-25te. 2w2020-06-25yLFPDZNo se presta c29828d29828